Real or Fake English Counties - Sudden Death - Statistics

General Stats
  • This quiz has been taken 31 times
  • The average score is 9 of 17
Answers on the Grid
Answers color-coded by a green-red scale on the quiz's grid according to % correct below.
Cheshire
Lancastershire
Forwesterchestershire
Buckinghamshire
Newcastle upon Tyne
Lancashire
Gloucestershire
Chestershire
Worcestershire
Mavenshire
Milton Keynes
Lincolnshire
Oxfordshire
Brightonshire
Northamptonshire
Surrey
Durham
Burshire
Shaleshire
Devon
Kentshire
Shropshire
Derbyshire
Bedfordshire
Merseyshire
Shireshire
Cumbria
Northumberlandshire
Isle of Wight
East Sussex
Cambershire
Cotswoldshire
South Sussex
 
Answer Stats
Answer % Correct
Cheshire
86%
Gloucestershire
62%
Oxfordshire
62%
Surrey
62%
Shropshire
57%
Buckinghamshire
52%
Derbyshire
48%
Devon
48%
Isle of Wight
48%
Lancashire
48%
Bedfordshire
43%
Cumbria
43%
Durham
43%
East Sussex
43%
Worcestershire
43%
Lincolnshire
38%
Northamptonshire
38%
No matching quizzes found
Score Distribution
Percent of People with Each Score
Percentile by Number Answered
Your Score History
You have not taken this quiz